| 000 | 01101nam a22002777a 4500 | ||
|---|---|---|---|
| 005 | 20121015142320.0 | ||
| 008 | 121015t xxu||||| |||| 00| 0 eng d | ||
| 010 | _aENG-106092 | ||
| 020 |
_a9781259002885 _c550.00 |
||
| 035 | _aEN-89625 | ||
| 037 | _bDBAD/PUB | ||
| 040 |
_aDPL _bEng |
||
| 082 | _a628.5 | ||
| 100 | 1 |
_953047 _aRittmann, Bruce E. |
|
| 245 | 1 | 0 |
_aEnvironmental biotechnology : _cby Bruce E. Rittmann [and] Perry L. McCarty _bprinciples and applications / |
| 260 |
_aNew Delhi _bTata McGraw Hill _c2012 |
||
| 270 |
_a7 West Patel Nagar _bNew Delhi _e110008 |
||
| 300 |
_axiv, 754p. : _c24cm(pbk) _bill. |
||
| 490 |
_aMcGraw-Hill series in water resources and environmental engineering _953109 |
||
| 500 | _aIncludes bibliographical references and index | ||
| 650 |
_aBioremediation. _953110 |
||
| 700 |
_aMcCarty, Perry L. _953111 |
||
| 942 |
_2ddc _cEN _mRIT _h628.5 |
||
| 999 |
_c70939 _d70939 |
||